01319cam a22003371 450000100060000000300080000600500170001400800410003103500390007203500140011103500170012504000270014204100080016908200250017709600220020210000280022424500620025226000320031430000360034650000200038250400300040265000290043265000240046165000180048565000390050394200120054299900170055495201480057195201310071995201310085012245BD-RjUL20211208235248.0140128s1966 nyua b 001 0 eng d a(OCoLC)ocm00269254a(BD-RjUL)12294 a(BD-RjUL) a(NNC)1501853 aDLCcDLCdBD-RjULbeng aeng a581.4216bMEF 1966 aQK 641 M495f 19661 aMeeuse, A. D. J.93526910aFundamentals of phytomorphology /c[by] A. D. J. Meeuse. aNew York :bRonald ,c1966 axi, 231 p. :billus. ;c24 cm. aIncludes index. aBibliography: p. 209-217. 0aPlant morphology.937553 0aAngiosperms.938009 2aBotany938010 2aPlantsxanatomy & histology938011 2ddccBK c12245d12245 00102ddc40718NFICaRUCLbRUCLcReadingd1970-10-31eswels and zeitherg95.00l0o581.4 MEF 1966r2014-01-28 00:00:00tC-1w2014-01-28yBK 00102ddc40708NFICaRUCLbRUCLcStackd1975-12-10eU.S. Govt.l0o581.4 MEF 1966r2017-05-22 00:00:00tC-2w2017-05-22yBK 00102ddc40708NFICaRUCLbRUCLcStackd1975-12-10eU.S. Govt.l0o581.4 MEF 1966r2017-05-22 00:00:00tC-3w2017-05-22yBK